000
00322 a2200145 4500
001
150972
040
_c
Escola São Tomás de Aquino
240
1
0
_a
O fantasma da segundona
_l
por
245
1
0
_a
O fantasma da segundona
300
_a
83
362
0
_a
2014
440
1
_a
FTD
697
_a
*LITERATURA JUVENIL
942
_c
BK
999
_c
150972
_d
150972